000 00800cam a2200205 i 4500
005 20260122113024.0
008 250721s2002 le gr 000 0 ara d
082 1 4 _a344.095
_bو ن س
100 1 _aونسه، ديالا عيسى
_eمؤلف.
245 1 0 _aحماية حقوق التأليف على شبكة الإنترنت :
_bدراسة مقارنة /
_cديالا عيسى ونسه ؛ تقديم البروفسور عبدالسلام شعيب.
264 3 1 _aبيروت :
_bمكتبة صادر،
_c2002.
300 _a328 صفحة.
490 0 _aصادر في قانون المعلوماتية.
650 1 7 _aالقانون.
650 1 7 _aالتكنولوجيا.
650 1 7 _aالملكية.
650 1 7 _aالتأليف.
942 _2ddc
_cBK
999 _c90262
_d90262